Passport to the Bible. (Record no. 3329)

000 -LEADER
fixed length control field 00627nam a2200205 a 4500
001 - CONTROL NUMBER
control field :::00001059$&:&@@
003 - CONTROL NUMBER IDENTIFIER
control field OkBaRHE
005 - DATE AND TIME OF LATEST TRANSACTION
control field 20000607103241.0
008 - FIXED-LENGTH DATA ELEMENTS--GENERAL INFORMATION
fixed length control field s1980 j 000 0 eng u
020 ## - INTERNATIONAL STANDARD BOOK NUMBER
International Standard Book Number 0842348026 (pbk.)
040 ## - CATALOGING SOURCE
Transcribing agency
100 1# - MAIN ENTRY--PERSONAL NAME
Personal name Hromas, R. P.
245 10 - TITLE STATEMENT
Title Passport to the Bible.
260 ## - PUBLICATION, DISTRIBUTION, ETC. (IMPRINT)
Place of publication, distribution, etc Wheaton, IL., :
Name of publisher, distributor, etc Tyndale House Publishers
Date of publication, distribution, etc c1980
300 ## - PHYSICAL DESCRIPTION
Extent 160 p. : illus. ;
Dimensions 21 cm.
650 ## - SUBJECT ADDED ENTRY--TOPICAL TERM
Topical term or geographic name as entry element Bible
General subdivision Criticism, Interpretation, etc.
650 ## - SUBJECT ADDED ENTRY--TOPICAL TERM
Topical term or geographic name as entry element Bible
General subdivision Study
942 ## - ADDED ENTRY ELEMENTS (KOHA)
Source of classification or shelving scheme
Koha item type Books
Copies
Copy number Date last seen Koha item type Lost status Withdrawn status Price effective from Permanent Location Full call number Damaged status Shelving location Source of classification or shelving scheme Barcode Not for loan Date acquired
12010-04-14Books  2010-04-14RHEMA Bible Training CollegeBS 511.2 .H73 General Stacks 1059 2010-04-14